| 000 | 01404cam a22004454i 4500 | ||
|---|---|---|---|
| 003 | PE-LiUPU | ||
| 005 | 20250731173224.0 | ||
| 008 | 150625s r 000 0 d | ||
| 035 | _a(Sirsi) a34015 | ||
| 040 |
_aPE-LiUPU _bspa _cPE-LiUPU _erda |
||
| 049 | _aPRUA | ||
| 082 | 0 | 4 |
_a253.7 _bR71 _221 |
| 100 | 1 |
_aRoberts, W. Dayton., _eautor. |
|
| 245 | 1 | 4 |
_aLos autenticos revolucionarios / _cW. Dayton. Roberts. |
| 264 | 1 |
_aSan José : _bEditorial Caribe, _c1969. |
|
| 300 |
_axii, 177 páginas : _bilustrado; _c21 cm. |
||
| 336 |
_atext _2rdacontent |
||
| 337 |
_aunmediated _2rdamedia |
||
| 338 |
_avolume _2rdacarrier |
||
| 505 | 0 | _a | |
| 526 | _aSEG42 | ||
| 526 | _aSEG41 | ||
| 526 | _aSEG40 | ||
| 526 | _aSEG39 | ||
| 526 | _aP94 | ||
| 526 | _aP87 | ||
| 526 | _aP86 | ||
| 526 | _aP85 | ||
| 526 | _aP77 | ||
| 526 | _aP76 | ||
| 526 | _aP35 | ||
| 600 | 1 | 4 |
_aStrachan, R. Kenneth (Robert Kenneth), _d1910-1965. |
| 650 | 1 | 4 |
_aEvangelismo _zAmerica latina. |
| 910 | _a | ||
| 942 |
_2ddc _cBOOK |
||
| 949 |
_a253.7 R71 _wDEWEY _c1 _i17124 _lCCODEBUL1 _mBUL _p00.00 _r0 _sY _tBOOK _u2015-06-25 _xBIBLIOTECA _zUNKNOWN _0COMPRA _o.STAFF. Colección General |
||
| 596 | _a1 | ||
| 999 |
_a253.7 R71 _wDEWEY _c41826 _i17124 _f2021-11-12 _g5 _lCCODEBUL1 _mBUL _r0 _sY _tBOOK _u2015-6-25 _xTEOLOGIA _zUNKNOWN _0COMPRA _o.STAFF. Colección General _d41826 |
||
| 980 |
_81 _gALBERTO SANCHEZ Responsable de Automatización |
||